Bogowie greckiej i rzymskiej mitologii - Statystyki

Ogólne statystyki
  • Ten quiz został rozwiązany 2 164 razy
    2 154 od ostatniego zresetowania
  • Średni wynik to 23 z 58
Statystyki odpowiedzi
Opis bóstwa Bóstwo grecki % Poprawnych
Bóg wojny. Ares
96%
Bóg wód, mórz i oceanów. Posejdon
96%
Czołowe bóstwo, władca ziemi i powietrza. Zeus
95%
Władca świata umarłych. Hades
91%
Bogini mądrości i sprawiedliwej wojny. Atena
90%
Bogini miłości i piękna. Afrodyta
86%
Bogini płodności, opiekunka matek i macierzyństwa. Hera
85%
Bóg ognia, kowali i złotników. Hefajstos
81%
Patron sztuki i poezji, bóg prawdy, prawa i porządku. Apollo
79%
Apollo
79%
Bóg płodności, wina i zabawy. Dionizos
73%
Mars
73%
Neptun
73%
Bogini plonów i urodzaju. Demeter
72%
Opiekunka zwierząt, lasów. Artemida
69%
Jowisz
68%
Opiekunka ogniska domowego. Hestia
62%
Wenus
61%
Bogini zwycięstwa. Nike
55%
Tytanka uosobienie "ziemi matki". Gaja
54%
Bóg i uosobienie słońca. Helios
52%
Władczyni świata podziemnego, opiekunka zmarłych. Persefona
47%
Pluton
43%
Bóg namiętności i popędu seksualnego. Eros
41%
Bóg opiekuńczy lasów i pasterzy. Pan
31%
Junona
30%
Minerwa
30%
Wiktoria
30%
Luna
28%
Diana
27%
Wulkan
27%
Amor
26%
Bachus
26%
Bogini i uosobienie sprawiedliwości i prawa. Temida
26%
Westa
26%
Fortuna
25%
Bogini i uosobienie księżyca. Selene
22%
Boginie losu. Mojry
20%
Boginie i uosobienie zemsty, nienawiści. Erynie
19%
Bóg sztuki lekarskiej. Asklepios
17%
Sol
17%
Bóstwo i uosobienie zorzy polarnej, brzasku, świtu. Eos
16%
Bóg i uosobienie wiatru północnego. Boreasz
15%
Ceres
15%
Faun
14%
Eskulap
13%
Terra
9%
Bogini i uosobienie "ślepego" losu i szczęścia. Tyche
9%
Aurora
8%
Parki
8%
Pax
8%
Bogini mórz, patronka słonych wód z orszaku boga mórz. Amfitryta
7%
Furie
7%
Prozerpina
7%
Bogini pokoju. Eirene
4%
Akwilon
3%
Iustitia
3%
Salacja
2%
Nie znaleziono quizów pasujących do podanych kryteriów
Rozkład punktacji
Procent ludzi z każdym wynikiem
Percentyl według liczby udzielonych odpowiedzi
Twoja historia wyników
Nie rozwiązałeś tego quizu od ostatniego zresetowania